[Event "Muensterland Verbandsklasse 1415"]
[Site "Germany"]
[Date "2015.04.25"]
[Round "9.8"]
[White "Steens, Rudolf"]
[Black "Holtmannspoetter, Theo"]
[Result "1-0"]
[WhiteElo "1749"]
[BlackElo "1311"]
[PlyCount "67"]
[EventDate "2014.09.13"]
[EventType "team-tourn"]
[EventRounds "9"]
[EventCountry "GER"]
[SourceTitle "EXT 2016"]
[Source "ChessBase"]
[SourceDate "2015.10.08"]
[SourceVersion "1"]
[SourceVersionDate "2015.10.08"]
[SourceQuality "1"]
[WhiteTeam "Nordwalde"]
[BlackTeam "Ochtrup"]
[WhiteTeamCountry "GER"]
[BlackTeamCountry "GER"]

1. e4 c5 2. c3 e6 3. d4 cxd4 4. cxd4 Nf6 5. Nc3 a6 6. Nf3 d6 7. Bd3 h6 8. 0-0 Be7 9. Be3 0-0 10. Rc1 Ng4 11. Bf4 f5 12. exf5 exf5 13. d5 g5 14. Bd2 Bf6 15. h3 Ne5 16. Nxe5 Bxe5 17. Qh5 Qf6 18. f4 gxf4 19. Bxf4 Bxf4 20. Rxf4 Qg5 21. Qf3 Bd7 22. Rf1 Nc6 23. dxc6 Bxc6 24. Bc4+ Kg7 25. Bd5 Kg6 26. Bxc6 bxc6 27. Qxc6 Qe7 28. Qf3 Qe5 29. Qg3+ Kh7 30. Re1 Qc5+ 31. Qf2 Qxf2+ 32. Kxf2 Ra7 33. Re6 Rd7 34. Rh4 1-0